A11_可住地面積割合WORST100の市区町村 - Statistics

General Stats
  • This quiz has been taken 18 times
  • The average score is 72 of 100
Answer Stats
順位 都道府
県名
種類 可住地
面積割合
(%)
市町村名 % Correct
14 徳島県 5.42 那賀町
100%
35 岐阜県 7.48 飛騨市
100%
36 東京都 7.49 檜原村
100%
41 和歌山県 7.76 北山村
100%
84 鳥取県 10.35 日野町
100%
4 奈良県 3.02 上北山村
94%
7 奈良県 4.12 十津川村
94%
11 山梨県 4.75 早川町
94%
15 高知県 5.44 大川村
94%
16 高知県 5.73 馬路村
94%
21 東京都 6.15 奥多摩町
94%
33 奈良県 7.29 下北山村
94%
55 三重県 8.89 尾鷲市
94%
19 山梨県 6.12 小菅村
89%
30 愛知県 6.93 豊根村
89%
63 岡山県 9.18 新庄村
89%
68 和歌山県 9.45 新宮市
89%
71 静岡県 9.74 川根本町
89%
79 岐阜県 10.10 下呂市
89%
1 奈良県 1.70 野迫川村
83%
2 山梨県 2.59 丹波山村
83%
18 宮崎県 5.93 椎葉村
83%
22 山梨県 6.22 道志村
83%
24 長野県 6.44 天龍村
83%
25 群馬県 6.49 上野村
83%
32 岡山県 7.21 西粟倉村
83%
51 福井県 8.83 南越前町
83%
59 長野県 9.14 北相木村
83%
65 鹿児島県 9.33 三島村
83%
67 岩手県 9.41 宮古市
83%
78 長野県 10.03 大鹿村
83%
81 長野県 10.23 泰阜村
83%
83 東京都 10.30 御蔵島村
83%
85 岐阜県 10.36 東白川村
83%
91 長崎県 10.52 対馬市
83%
92 岐阜県 10.56 郡上市
83%
97 愛媛県 10.70 久万高原町
83%
98 神奈川県 10.74 清川村
83%
6 奈良県 3.35 黒滝村
78%
8 和歌山県 4.16 古座川町
78%
9 奈良県 4.28 東吉野村
78%
10 長野県 4.69 根羽村
78%
12 奈良県 5.02 川上村
78%
13 宮崎県 5.27 西米良村
78%
23 和歌山県 6.37 高野町
78%
31 和歌山県 7.20 すさみ町
78%
34 秋田県 7.46 上小阿仁村
78%
40 岩手県 7.76 岩泉町
78%
54 青森県 8.87 西目屋村
78%
76 愛知県 9.99 設楽町
78%
88 長野県 10.47 木祖村
78%
96 山形県 10.66 小国町
78%
3 奈良県 2.76 天川村
72%
27 北海道 6.61 泊村
72%
29 鳥取県 6.89 若桜町
72%
38 鳥取県 7.64 智頭町
72%
57 福井県 9.02 池田町
72%
62 愛知県 9.17 東栄町
72%
80 岩手県 10.15 山田町
72%
93 鳥取県 10.56 日南町
72%
94 長野県 10.57 売木村
72%
26 北海道 6.58 神恵内村
67%
45 群馬県 8.11 片品村
67%
48 青森県 8.49 風間浦村
67%
50 徳島県 8.81 海陽町
67%
58 岐阜県 9.07 揖斐川町
67%
64 北海道 9.22 占冠村
67%
86 島根県 10.43 西ノ島町
67%
5 長野県 3.06 平谷村
61%
20 北海道 6.12 赤井川村
61%
28 高知県 6.83 北川村
61%
49 島根県 8.68 津和野町
61%
52 鹿児島県 8.83 宇検村
61%
56 福島県 9.01 南会津町
61%
60 福島県 9.15 昭和村
61%
73 高知県 9.85 いの町
61%
75 鹿児島県 9.98 大和村
61%
17 熊本県 5.77 五木村
56%
37 三重県 7.57 大台町
56%
72 長野県 9.80 上松町
56%
89 鹿児島県 10.49 屋久島町
56%
100 北海道 10.80 西興部村
56%
47 北海道 8.39 様似町
50%
66 高知県 9.36 檮原町
50%
69 秋田県 9.58 小坂町
50%
70 三重県 9.72 大紀町
50%
77 長野県 10.02 阿智村
50%
87 兵庫県 10.44 神河町
50%
39 島根県 7.76 吉賀町
44%
44 北海道 8.06 松前町
44%
53 北海道 8.84 福島町
44%
61 宮崎県 9.16 日之影町
44%
90 岩手県 10.49 住田町
44%
95 沖縄県 10.61 渡嘉敷村
44%
42 宮崎県 7.77 諸塚村
39%
46 熊本県 8.27 水上村
39%
74 岐阜県 9.87 七宗町
39%
82 高知県 10.24 本山町
39%
99 北海道 10.77 木古内町
39%
43 北海道 8.01 上ノ国町
33%
No matching quizzes found
Score Distribution
Percent of People with Each Score
Percentile by Number Answered
Your Score History
You have not taken this quiz